Città Africane, NO Capitali - Statistics

Statistiche generali
  • Questo quiz è stato fatto 7 volte
  • Il punteggio medio è 17 su 27
Statistiche sulle risposte
Descrizione Città % Corretto
Seconda città più popolosa dell'Egitto Alessandria d'Egitto
100%
Seconda città più popolosa della Libia Bengasi
100%
Città più popolosa del Marocco Casablanca
100%
Exclave spagnola in Marocco sullo Stretto di Gibilterra Ceuta
83%
Città più popolosa della Tanzania Dar es Salaam
83%
Seconda città più popolosa del Marocco Fes
83%
Città nota per le Piramidi, Egitto Giza
83%
Città più popolosa del Sudafrica Johannesburg
83%
Città più popolosa della Nigeria Lagos
83%
Ex Capitale dell Guinea Equatoriale dal 2026 Malabo
83%
Exclave spagnola in Marocco Melilla
83%
Città più popolosa della Costa d'Avorio Abidjan
67%
Città isola spagnola delle Canarie Las Palmas
67%
Importante città turistico-archeologica dell'Egitto Luxor
67%
Città Marocchina nota per la sua Medina patrimonio dell'UNESCO Marrakech
67%
Importante città turistico-istituzionale nel Sinai in Egitto Sharm el-Sheikh
67%
Città portuale marocchina sullo Stretto di Gibilterra Tangeri
67%
Città isola spagnola delle Canarie Tenerife
67%
Capoluogo della regione autonoma, arcipelago della Tanzania Zanzibar
67%
Seconda città più popolosa del Kenya Mombasa
50%
Antica città patrimonio UNESCO del Mali Timbuctù
50%
Città turistico-balneare del Marocco Agadir
33%
Seconda città più popolosa della Nigeria Kano
33%
Città più popolosa del Benin Cotonou
17%
Città più popolosa del Camerun Douala
17%
Seconda città più popolosa del Ghana Kumasi
17%
Nota città turistico-balneare dell'Egitto Marsa Alam
17%
Nessun quiz corrispondente trovato
Distribuzione punteggi
Percentuale di utenti per punteggio
Percentile per numero di risposta
I tuoi punteggi nel tempo
Non hai fatto questo quiz